Monster Hunter A-Z - Statistics

General Stats
  • This quiz has been taken 110 times
  • The average score is 19 of 26
Answer Stats
Letter Answer % Correct
A Abyssal Lagiacrus | Acidic Glavenus | Agnaktor | Ahtal-Ka | Ajakaran | Akantor | Aknosom | Alatreon | Almudron | Amatsu | Ancient Leshen | Anjanath | Apex Arzuros | Apex Diablos | Apex Mizutsune | Apex Rathalos | Apex Rathian | Apex Zinogre | Arkveld | Arzuros | Ash Kecha-Wacha | Ashen Lao-Shan Lung | Astalos | Aurora Somnacanth | Azure Rathalos
96%
B Balahara | Baleful Gigginox | Banbaro | Barroth | Basarios | Bazelgeuse | Behemoth | Beotodus | Berserk Tetsucabra | Bishaten | Black Diablos | Black Gravios | Blackveil Vaal Hazak | Blangonga | Blood Orange Bishaten | Bloodbath Diablos | Blue Yian Kut-Ku | Boltreaver Astalos | Brachydios | Brute Tigrex | Bulldrome
96%
D Dah'ren Mohran | Daimyo Hermitaur | Dalamadur | Deadeye Yian Garuga | Desert Seltas | Desert Seltas Queen | Deviljho | Diablos | Dire Miralis | Dodogama | Doshaguma | Dreadking Rathalos | Dreadqueen Rathian | Drilltusk Tetsucabra | Duramboros
94%
R Radobaan | Raging Brachydios | Rajang | Rakna-Kadaki | Rathalos | Rathian | Red Khezu | Redhelm Arzuros | Rey Dau | Risen Chameleos | Risen Crimson Glow Valstrax | Risen Kushala Daora | Risen Shagaru Magala | Risen Teostra | Rompopolo | Royal Ludroth | Ruby Basarios | Ruiner Nergigante | Rust Duramboros | Rusted Kushala Daora | Rustrazor Ceanataur
92%
C Ceadeus | Cephadrome | Chameleos | Chaotic Gore Magala | Chatacabra | Congalala | Copper Blangonga | Coral Pukei-Pukei | Crimson Fatalis | Crimson Glow Valstrax | Crimson Qurupeco | Crystalbeard Uragaan
88%
G Gaismagorm | Gammoth | Garangolm | Gendrome | Giadrome | Gigginox | Glacial Agnaktor | Glavenus | Gobul | Gogmazios | Gold Rathian | Goldbeard Ceadeus | Gore Magala | Goss Harag | Gravios | Great Baggi | Great Girros | Great Izuchi | Great Jaggi | Great Jagras | Great Maccao | Great Wroggi | Green Nargacuga | Green Plesioth | Grimclaw Tigrex | Guardian Arkveld | Guardian Doshaguma | Guardian Ebony Odogaron | Guardian Fulgur Anjanath | Guardian Rathalos | Gypceros
88%
T Teostra | Terra Shogun Ceanataur | Tetranadon | Tetsucabra | Thunder Serpent Narwa | Thunderlord Zinogre | Tidal Najarala | Tigerstripe Zamtrios | Tigrex | Tobi-Kadachi | Tzitzi-Ya-Ku
88%
L Lagiacrus | Lagombi | Lala Barina | Lao-Shan Lung | Lavasioth | Legiana | Leshen | Lucent Nargacuga | Lunagaron | Lunastra
84%
N Najarala | Namielle | Nargacuga | Narwa the Allmother | Nergigante | Nerscylla | Nibelsnarf | Nightcloak Malfestio | Nightshade Paolumu | Nu Udra
84%
S Safi'jiiva | Sand Barioth | Savage Deviljho | Scarred Yian Garuga | Scorned Magnamalo | Seething Bazelgeuse | Seltas | Seltas Queen | Seregios | Shagaru Magala | Shah Dalamadur | Shara Ishvalda | Shen Gaoren | Shogun Ceanataur | Shrieking Legiana | Shrouded Nerscylla | Silver Rathalos | SIlverwind Nargacuga | Snowbaron Lagombi | Somnacanth | Soulseer Mizutsune | Steel Uragaan | Stonefist Hermitaur | Stygian Zinogre
84%
F Fatalis | Flaming Espinas | Frostfang Barioth | Fulgur Anjanath | Furious Rajang
82%
P Paolumu | Pink Rathian | Plesioth | Plum Daimyo Hermitaur | Pukei-Pukei | Purple Gypceros | Purple Ludroth | Pyre Rakna-Kadaki
82%
U Ukanlos | Uragaan | Uth Duna
82%
V Vaal Hazak | Valstrax | Velkhana | Velocidrome | Vespoid Queen | Violet Mizutsune | Viper Tobi-Kadachi | Volvidon
82%
K Kecha Wacha | Khezu | King Shakalaka | Kirin | Kulu-Ya-Ku | Kulve Taroth | Kushala Daora
78%
M Magma Almudron | Magnamalo | Malfestio | Malzeno | Mizutsune | Molten Tigrex | Monoblos
72%
Z Zamtrios | Zinogre | Zoh Shia | Zorah Magdaros
72%
E Ebony Odogaron | Elderfrost Gammoth | Espinas
68%
X Xeno'jiiva | Xu Wu
64%
J Jade Barroth | Jhen Mohran | Jin Dahaad | Jyuratodus
62%
Q Quematrice | Qurupeco
62%
Y Yama Tsukami | Yian Garuga | Yian Kut-Ku
62%
O Odogaron | Oroshi Kirin
60%
I Iodrome | Ivory Lagiacrus
46%
H Hallowed Jhen Mohran | Hellblade Glavenus | Hirabami | Hypnocatrice
44%
W White Fatalis | White Monoblos | Wind Serpent Ibushi
30%
No matching quizzes found
Score Distribution
Percent of People with Each Score
Percentile by Number Answered
Your Score History
You have not taken this quiz